LIBRARY & INFORMATION CENTRE, KCAET, TAVANUR

ONLINE PUBLIC ACCESS CATALOGUE (OPAC)

Normal view MARC view
  • Priyam, V. B .

Entry Personal Name

Number of records used in: 1

001 - CONTROL NUMBER

  • control field: 1810

003 - CONTROL NUMBER IDENTIFIER

  • control field: OSt

005 - DATE AND TIME OF LATEST TRANSACTION

  • control field: 20161015123014.0

008 - FIXED-LENGTH DATA ELEMENTS

  • fixed length control field: 161015|| aca||aabn | a|a d

040 ## - CATALOGING SOURCE

  • Original cataloging agency: OSt
  • Transcribing agency: OSt

100 ## - HEADING--PERSONAL NAME

  • Personal name: Priyam, V. B .

670 ## - SOURCE DATA FOUND

  • Source citation: Work cat.: (OSt)2760: Priyam, V. B ., Fundamental Principles of Road Engineering / , 1962.
free website counter